Fuzzy riadenie pre ABS
Guardado en:
| Autor principal: | |
|---|---|
| Otros Autores: | |
| Formato: | Manuscrito Libro |
| Lenguaje: | eslovaco |
| Publicado: |
Bratislava :
STU v Bratislave FEI,
2022
|
| Materias: | |
| Acceso en línea: | https://opac.crzp.sk/?fn=detailBiblioFormChildA7G0N&sid=D9F0BB0A8DA9926980A596D31B33&seo=CRZP-detail-kniha |
| Etiquetas: |
Sin Etiquetas, Sea el primero en etiquetar este registro!
|
MARC
| LEADER | 00000ntm a22000003a 4500 | ||
|---|---|---|---|
| 001 | stuzp85930 | ||
| 003 | SK-STU | ||
| 005 | 20230109111637.0 | ||
| 007 | ta | ||
| 008 | 150427s2015----xo-----f-mn---000-0-slo-d | ||
| 040 | |a STU |b slo | ||
| 041 | 0 | |a slo | |
| 044 | |a xo | ||
| 100 | 1 | |a Košický, Martin |u 030400 |4 aut |U FEI Fakulta elektrotechniky a informatiky |T FEI Ústav automobilovej mechatroniky |X 112056 |U E400 |Y 642 |7 112056 | |
| 242 | 0 | 1 | |a Fuzzy Control for ABS |y eng |
| 245 | 1 | 0 | |a Fuzzy riadenie pre ABS |
| 260 | |a Bratislava : |b STU v Bratislave FEI, |c 2022 | ||
| 300 | |a 67 s., príl. | ||
| 650 | 4 | |a ABS |2 slo | |
| 650 | 4 | |a Simscape |2 slo | |
| 650 | 4 | |a fuzzy |2 slo | |
| 650 | 4 | |a fuzzy |2 eng | |
| 650 | 4 | |a ABS |2 eng | |
| 650 | 4 | |a Simscape |2 eng | |
| 700 | 1 | |a Rosinová, Danica |u 030400 |k Z1 |4 ths |U FEI Fakulta elektrotechniky a informatiky |T FEI Ústav automobilovej mechatroniky |X 4938 |U E400 |Y 642 |7 A000004938 | |
| 856 | 4 | |u https://opac.crzp.sk/?fn=detailBiblioFormChildA7G0N&sid=D9F0BB0A8DA9926980A596D31B33&seo=CRZP-detail-kniha | |